Basic Techniques of Preparative Organic Chemistry

Bibliographic Details
Main Author: Sabel, William
Format: Section = Libro
Language:Undetermined
Spanish
Published: London Pergamons Press 1967
Edition:5a. ed.
Subjects:
LEADER 00596nam a2200229Ia 4500
008 240830s9999 xx 000 0 und d
040 |a CEDOC FIQ-RUSB / 547 S115 
041 |a spa 
082 |a 547 S115 
100 1 |a Sabel, William 
245 1 0 |a Basic Techniques of Preparative Organic Chemistry 
250 |a 5a. ed. 
260 |a London  |b Pergamons Press  |c 1967 
300 |a 196 p. :il. 
650 7 |a QUÍMICA ORGÁNICA 
650 7 |b  SOLIDOS 
650 7 |c  LIQUIDOS 
650 7 |d GASES 
650 7 |e  DETERMINACIÓN DE UN PUNTO DE FUSIÓN 
942 |c BK  |2 ddc 
991 |a TEXTO 
999 |c 14052